<?xml version="1.0" encoding="UTF-8"?>
<record
    xmlns:xsi="http://www.w3.org/2001/XMLSchema-instance"
    xsi:schemaLocation="http://www.loc.gov/MARC21/slim http://www.loc.gov/standards/marcxml/schema/MARC21slim.xsd"
    xmlns="http://www.loc.gov/MARC21/slim">

  <leader>01235nam2a22002531  4500</leader>
  <controlfield tag="001">rc\3162074</controlfield>
  <controlfield tag="005">20260406183700.0</controlfield>
  <datafield tag="021" ind1=" " ind2=" ">
    <subfield code="a">RU</subfield>
    <subfield code="b">[76-31578]</subfield>
  </datafield>
  <datafield tag="035" ind1=" " ind2=" ">
    <subfield code="a">(NLR Aleph) 007325702</subfield>
  </datafield>
  <datafield tag="090" ind1=" " ind2=" ">
    <subfield code="a">5956584</subfield>
    <subfield code="c">5956584</subfield>
  </datafield>
  <datafield tag="100" ind1=" " ind2=" ">
    <subfield code="a">20120615d1976    |||y0rusy50      ca</subfield>
  </datafield>
  <datafield tag="101" ind1="0" ind2=" ">
    <subfield code="a">rus</subfield>
  </datafield>
  <datafield tag="102" ind1=" " ind2=" ">
    <subfield code="a">RU</subfield>
  </datafield>
  <datafield tag="105" ind1=" " ind2=" ">
    <subfield code="a">a   z   |||||</subfield>
  </datafield>
  <datafield tag="200" ind1="0" ind2=" ">
    <subfield code="a">&#x427;. 1</subfield>
  </datafield>
  <datafield tag="210" ind1=" " ind2=" ">
    <subfield code="a">&#x41A;&#x438;&#x435;&#x432;</subfield>
    <subfield code="c">&#x41D;&#x430;&#x443;&#x43A;. &#x434;&#x443;&#x43C;&#x43A;&#x430;</subfield>
    <subfield code="d">1976</subfield>
  </datafield>
  <datafield tag="215" ind1=" " ind2=" ">
    <subfield code="a">151 &#x441;.</subfield>
    <subfield code="c">&#x438;&#x43B;.</subfield>
  </datafield>
  <datafield tag="461" ind1=" " ind2="0">
    <subfield code="1">001rc\3162073</subfield>
    <subfield code="1">2001#$a&#x41A;&#x430;&#x432;&#x438;&#x442;&#x430;&#x446;&#x438;&#x43E;&#x43D;&#x43D;&#x44B;&#x435; &#x430;&#x432;&#x442;&#x43E;&#x43A;&#x43E;&#x43B;&#x435;&#x431;&#x430;&#x43D;&#x438;&#x44F; &#x432; &#x43D;&#x430;&#x441;&#x43E;&#x441;&#x43D;&#x44B;&#x445; &#x441;&#x438;&#x441;&#x442;&#x435;&#x43C;&#x430;&#x445;$e&#x41C;&#x430;&#x442;&#x435;&#x440;&#x438;&#x430;&#x43B;&#x44B; &#x441;&#x43E;&#x432;&#x435;&#x449;.$e[&#x412; 2 &#x447;.$f&#x420;&#x435;&#x434;. &#x43A;&#x43E;&#x43B;&#x43B;&#x435;&#x433;&#x438;&#x44F;: &#x430;&#x43A;&#x430;&#x434;. &#x412;.&#x421;. &#x411;&#x443;&#x434;&#x43D;&#x438;&#x43A; (&#x43E;&#x442;&#x432;. &#x440;&#x435;&#x434;.) &#x438; &#x434;&#x440;.]$v&#x427;. 1</subfield>
    <subfield code="9">5956575</subfield>
    <subfield code="c">&#x41A;&#x438;&#x435;&#x432;</subfield>
    <subfield code="d">1976</subfield>
    <subfield code="f">&#x420;&#x435;&#x434;. &#x43A;&#x43E;&#x43B;&#x43B;&#x435;&#x433;&#x438;&#x44F;: &#x430;&#x43A;&#x430;&#x434;. &#x412;.&#x421;. &#x411;&#x443;&#x434;&#x43D;&#x438;&#x43A; (&#x43E;&#x442;&#x432;. &#x440;&#x435;&#x434;.) &#x438; &#x434;&#x440;.]</subfield>
    <subfield code="n">&#x41D;&#x430;&#x443;&#x43A;. &#x434;&#x443;&#x43C;&#x43A;&#x430;</subfield>
    <subfield code="o">&#x41C;&#x430;&#x442;&#x435;&#x440;&#x438;&#x430;&#x43B;&#x44B; &#x441;&#x43E;&#x432;&#x435;&#x449;. : [&#x412; 2 &#x447;.</subfield>
    <subfield code="t">&#x41A;&#x430;&#x432;&#x438;&#x442;&#x430;&#x446;&#x438;&#x43E;&#x43D;&#x43D;&#x44B;&#x435; &#x430;&#x432;&#x442;&#x43E;&#x43A;&#x43E;&#x43B;&#x435;&#x431;&#x430;&#x43D;&#x438;&#x44F; &#x432; &#x43D;&#x430;&#x441;&#x43E;&#x441;&#x43D;&#x44B;&#x445; &#x441;&#x438;&#x441;&#x442;&#x435;&#x43C;&#x430;&#x445;</subfield>
    <subfield code="v">&#x427;. 1</subfield>
  </datafield>
  <datafield tag="712" ind1="0" ind2="2">
    <subfield code="a">&#x410;&#x41D; &#x423;&#x421;&#x421;&#x420;</subfield>
    <subfield code="c">&#x41A;&#x438;&#x435;&#x432;</subfield>
    <subfield code="b">&#x41D;&#x430;&#x443;&#x447;&#x43D;&#x44B;&#x439; &#x441;&#x43E;&#x432;&#x435;&#x442; &#x43F;&#x43E; &#x43F;&#x440;&#x43E;&#x431;&#x43B;&#x435;&#x43C;&#x435; "&#x41E;&#x431;&#x449;&#x430;&#x44F; &#x43C;&#x435;&#x445;&#x430;&#x43D;&#x438;&#x43A;&#x430;"</subfield>
    <subfield code="3">RU\NLR\AUTH\889948914</subfield>
    <subfield code="9">393480</subfield>
  </datafield>
  <datafield tag="801" ind1=" " ind2="0">
    <subfield code="a">RU</subfield>
    <subfield code="b">NLR</subfield>
    <subfield code="g">psbo</subfield>
  </datafield>
  <datafield tag="801" ind1=" " ind2="1">
    <subfield code="a">RU</subfield>
    <subfield code="b">ELAR</subfield>
    <subfield code="2">rusmarc</subfield>
  </datafield>
  <datafield tag="852" ind1=" " ind2=" ">
    <subfield code="a">NLR</subfield>
    <subfield code="j">76-3/6314</subfield>
  </datafield>
  <datafield tag="942" ind1=" " ind2=" ">
    <subfield code="c">BOOK</subfield>
  </datafield>
  <datafield tag="980" ind1=" " ind2=" ">
    <subfield code="a">NB</subfield>
  </datafield>
  <datafield tag="995" ind1=" " ind2=" ">
    <subfield code="5">2013-10-26</subfield>
    <subfield code="b">NLR01</subfield>
    <subfield code="c">NLR01</subfield>
    <subfield code="e">RF91</subfield>
    <subfield code="f">7325702-10</subfield>
    <subfield code="k">76-3/6314</subfield>
    <subfield code="o">0</subfield>
    <subfield code="r">BOOK</subfield>
    <subfield code="s">7636314_</subfield>
  </datafield>
</record>
